उपकार इंगलिश स्पीकिंग कोर्स; (Record no. 68303)

MARC details
000 -LEADER
fixed length control field 00988nam a22002057a 4500
005 - DATE AND TIME OF LATEST TRANSACTION
control field 20120702145818.0
020 ## - INTERNATIONAL STANDARD BOOK NUMBER
Terms of availability 195..00
International Standard Book Number 9788174820983
100 ## - MAIN ENTRY--PERSONAL NAME
Personal name जैन, बी.बी.
245 ## - TITLE STATEMENT
Title उपकार इंगलिश स्पीकिंग कोर्स;
Statement of responsibility, etc बी.बी.जैन
Remainder of title (हिन्दी-अंग्रेजी शब्दावली सहित)/
250 ## - EDITION STATEMENT
Edition statement संशो.एवं परि.संस्क.
260 ## - PUBLICATION, DISTRIBUTION, ETC. (IMPRINT)
Place of publication, distribution, etc आगरा
Name of publisher, distributor, etc उपकार प्रकाशन
Date of publication, distribution, etc व.अ.
270 ## - ADDRESS
Address 2/11 ए, स्वदेशी बीमा नगर(शाह सिनेमा के सामने)
Postal code 282002
Telephone number 2530966
City आगरा
300 ## - PHYSICAL DESCRIPTION
Extent 392 पृ.
Dimensions 24सेंमीं (अजिल्द)
490 ## - SERIES STATEMENT
Series statement
-- 49827
700 ## - ADDED ENTRY--PERSONAL NAME
9 (RLIN) 49816
710 ## - ADDED ENTRY--CORPORATE NAME
9 (RLIN) 49817
942 ## - ADDED ENTRY ELEMENTS (KOHA)
Source of classification or shelving scheme Dewey Decimal Classification
Item type Hindi Books
Call number suffix जैनबी
Holdings
Withdrawn status Lost status Not for loan Home library Current library Date acquired Cost, normal purchase price Full call number Cost, replacement price Koha item type
      Andrews Gunj Andrews Gunj 02/07/2012 195.00 जैनबी 195.00 Hindi Books

© Delhi Public Library
Hit Counter
free hit counter